01107nam a2200193Ia 4500001001000000003001000010008004100020040002500061041001300086100001600099245002900115250001100144260006600155300002800221500026000249501011400509520026000623650003000883L220-4504IT-CnALBA170116s9999||||xx |||||||||||||| ||und|| aIT-CnALBAcIT-CnALBA aITALIANO aBRESSA GINO 0aCENTO PROBLEMI BIBLICI.  a2a ed. a ASSISIbPRO CIVITATE CHRISTIANA EDIZ. c1961 [1° Ed.: n.d.] a580 p. (prefazione: 78) aAUTORI: SETTIMO CIPRIANI, FARAONI VINCENZO, GALBIATI ENRICO, GAROFALO SALVATORE, LELOIR LUIGI, MARIANI BONAVENTURA, NOLLI GIANFRANCO, PENNA ANGELO, PRETE BENEDETTO, ROLLA ARMANDO, SALDARINI GIOVANNI, SPADAFORA FRANCESCO, VITTONATTO GIUSEPPE, PREFAZIONE DI aSocietà San Paolo EM - Piazza San Paolo, 14 - 12051 ALBA (CN) (non commercial uses only) ® Copyright 2017 aAUTORI: SETTIMO CIPRIANI, FARAONI VINCENZO, GALBIATI ENRICO, GAROFALO SALVATORE, LELOIR LUIGI, MARIANI BONAVENTURA, NOLLI GIANFRANCO, PENNA ANGELO, PRETE BENEDETTO, ROLLA ARMANDO, SALDARINI GIOVANNI, SPADAFORA FRANCESCO, VITTONATTO GIUSEPPE, PREFAZIONE DI aBIBBIA - TESTI E COMMENTI